Statistics for Countries with a Primark Store

Click here to take the quiz!

General Stats

  • This quiz has been taken 25 times
  • The average score is 13 of 15

Answer Stats

# of StoresCountry% Correct
28Ireland
100%
14Italy
100%
180United Kingdom
100%
7Belgium
95%
23France
95%
18Netherlands
95%
4Poland
95%
42Spain
95%
21United States
95%
26Germany
90%
7Portugal
90%
5Austria
86%
2Czech Republic
86%
1Slovenia
62%
1Romania
48%

Score Distribution

Percentile by Number Answered

Percent of People with Each Score

Your Score History

You have not taken this quiz